Black/white sex.

Bibliographic Details
Main Author: Halsell, Grace
Format: Book
Language:English
Published: New York : Morrow, 1972.
Subjects:

MARC

Tag First Indicator Second Indicator Subfields
LEADER 00000cam a2200000 4500
001 in00000454721
005 20151012095645.0
008 720630s1972 nyu 00000 eng
010 |a  74182457  
035 |a (OCoLC)00360442 
035 |9 ABZ1112AM 
037 |c $5.95 
040 |a DLC  |c DLC  |d TXA  |d UtOrBLW 
043 |a n-us--- 
049 |a TXAM  |c [1332166] 
050 0 0 |a HQ18.U5  |b H27 
082 0 |a 301.41/7 
100 1 |a Halsell, Grace. 
245 1 0 |a Black/white sex. 
264 1 |a New York :  |b Morrow,  |c 1972. 
300 |a 222 pages ;  |c 22 cm. 
336 |a text  |b txt  |2 rdacontent 
337 |a unmediated  |b n  |2 rdamedia 
338 |a volume  |b nc  |2 rdacarrier 
650 0 |a Sex customs  |z United States. 
650 0 |a Miscegenation  |z United States. 
651 0 |a United States  |x Race relations. 
999 |a MARS 
999 f f |s 2e7b7ed7-bc05-3dcb-b38b-f25955f1dacf  |i 0abf02b0-9036-3069-b206-6f046d7719af  |t 0 
952 f f |p ric  |a Texas A&M University  |b Rellis Campus  |c Joint Library Facility  |d Remote Storage  |t 0  |e HQ18.U5 H27  |h Library of Congress classification  |i unmediated -- volume  |m A14802950193 
998 f f |a HQ18.U5 H27  |t 0  |l Remote Storage